00744nam a22002057a 450000500170000001000150001702000260003203500140005803700090007208200060008110000280008724500370011525000060015226000480015827001210020630000210032794200200034899900190036895201510038720260514101945.0 aENG-148462 a9789395481250c300.00 aEN-131994 bDBAD aS aHedge, Nikhil D.989074 aThe Water Veil/cNikhil D. Hedge a1 bVishwakarma Publicationsc2023aMaharashtra a34A/1, Suyog Center, 7th floor, Gultekedi Marketyard Road, Giridhar Bhavan Chowk, e411037bPuneminfo@vpindia.co.in a184p.c20cm (pb) 2ddccENhSmHED c216146d216146 001040708FICaKGMbKGMd2026-05-14eDelivery of Books Act Divisiong300.00l0oS HEDpEN-131994r2026-05-14 10:21:16t1v300.00w2026-05-14yEN